00797nam a22002057a 4500999001900000005001700019010001500036020002700051035001400078037001300092082001100105100001800116245008500134260004000219270010900259300002500368500005000393942002500443952012300468 c166355d16635520190722125052.0 aENG-126031 a9788178442198c1495.00 aEN-109563 bDBAD/PUB a371.33 aSharma, Anita aDevelopment skills and concepts through eductional technology /cby Anita Sharma aNew DelhibR.K. Pulblicationsc2018 a4806/24, Bharat Ram Road, Darya GanjbNew Delhie110002k011-23285167, 65185557minfo@kkpublications.com aviii,264p.c24cm(Hb) aIncludes bibliographical references and index 2ddccENh371.33mSHA 001040708NFICaAGbAGd2019-07-22eDBAD/PUBg1495.00l0o371.33 SHApEN-109563r2019-07-22 00:00:00t1v1495.00yEN